[Event "Gibraltar Masters"]
[Site "Caleta ENG"]
[Date "2011.02.02"]
[Round "9.2"]
[White "Short, Nigel D"]
[Black "Mikhalevski, Victor"]
[Result "1-0"]
[WhiteTitle "GM"]
[BlackTitle "GM"]
[WhiteElo "2658"]
[BlackElo "2579"]
[WhiteFideId "400025"]
[BlackFideId "2801914"]
[EventDate "2011.01.25"]
[EventType "swiss"]

1. e4 e5 2. Nf3 Nc6 3. Nc3 Nf6 4. Bb5 Nd4 5. Ba4 Nxf3+ 6. Qxf3 c6 7. O-O d6 8.
h3 Be7 9. Ne2 O-O 10. c3 h6 11. d4 d5 12. exd5 e4 13. Qg3 Bd6 14. Qh4 cxd5 15.
f3 Be7 16. Bb3 b6 17. Qf2 Ba6 18. Be3 Nh5 19. fxe4 Bh4 20. Qf3 Bxe2 21. Qxe2 Ng3
22. Qg4 h5 23. Qd1 Nxf1 24. Kxf1 dxe4 25. Qxh5 Bg3 26. Bd5 Rc8 27. Bxe4 g6 28.
Qf3 Qh4 29. Ke2 Rce8 30. Kd3 Re7 31. Bc6 Kh7 32. Qg4 Qxg4 33. hxg4 f5 34. Rh1+
Kg7 35. Bh6+ Kf7 36. Bd5+ Ke8 37. Bxf8 Kxf8 38. gxf5 gxf5 39. Rh8+ 1-0

[Event "Gibraltar Masters"]
[Site "Caleta ENG"]
[Date "2011.02.02"]
[Round "9.3"]
[White "Erdos, Viktor"]
[Black "Bologan, Viktor"]
[Result "1/2-1/2"]
[WhiteTitle "GM"]
[BlackTitle "GM"]
[WhiteElo "2593"]
[BlackElo "2693"]
[WhiteFideId "719978"]
[BlackFideId "13900048"]
[EventDate "2011.01.25"]
[EventType "swiss"]

1. d4 Nf6 2. c4 c5 3. d5 b5 4. Qc2 bxc4 5. e4 e6 6. Bxc4 exd5 7. exd5 d6 8. Nc3
Be7 9. Nge2 O-O 10. O-O Nbd7 11. Ng3 Nb6 12. b3 Ng4 13. Bd3 g6 14. h3 Ne5 15.
Be2 f5 16. f4 Ned7 17. Be3 Bf6 18. Rad1 a6 19. Bf2 Bg7 20. Rd2 Qf6 21. Nd1 Bh6
22. Be1 Re8 23. Rd3 Bb7 24. Ne3 Rxe3 25. Rxe3 Qd4 26. Bf2 Qxf4 27. Bd3 Nxd5 28.
Bc4 Nb6 29. Rf3 Qd2 30. Qxd2 Bxd2 31. Rd1 Bb4 32. Nxf5 gxf5 33. Rxf5 Nxc4 34.
bxc4 Nc3 35. Rxd6 Be4 36. Re5 Bg6 37. Rc6 Nxa2 38. Bxc5 Bc3 39. Ree6 a5 40. Ra6
Rc8 41. Bb6 Bf7 42. Re4 Bxc4 43. Rg4+ Kf7 44. Ra7+ Ke6 45. Bxa5 h5 46. Rg6+ Kf5
47. Rd6 Be5 48. Rc7 Rxc7 49. Bxc7 Bxd6 50. Bxd6 Ke4 51. Kf2 Nc1 52. Kg3 Ne2+ 53.
Kh4 Bf7 54. g4 Nd4 55. Kg5 hxg4 1/2-1/2

[Event "Gibraltar Masters"]
[Site "Caleta ENG"]
[Date "2011.02.02"]
[Round "9.4"]
[White "Melia, Salome"]
[Black "Harikrishna, P."]
[Result "1/2-1/2"]
[WhiteTitle "IM"]
[BlackTitle "GM"]
[WhiteElo "2449"]
[BlackElo "2667"]
[WhiteFideId "13602446"]
[BlackFideId "5007003"]
[EventDate "2011.01.25"]
[EventType "swiss"]

1. e4 e5 2. Nf3 Nc6 3. Bb5 a6 4. Ba4 d6 5. c3 Ne7 6. O-O Bd7 7. d4 Ng6 8. Be3
Be7 9. d5 Nb8 10. Bxd7+ Nxd7 11. c4 O-O 12. Nc3 h6 13. b4 Nf6 14. h3 Nh7 15. c5
Ng5 16. Nxg5 Bxg5 17. Qd2 Bf4 18. c6 Rb8 19. cxb7 Rxb7 20. Rab1 Qg5 21. Qe2 f5
22. exf5 Nh4 23. Qg4 Bxe3 24. fxe3 Qxe3+ 25. Kh1 Qxc3 26. Qxh4 c5 27. dxc6 Qxc6
28. Rbc1 Qb5 29. Rfd1 Qxb4 30. Qxb4 Rxb4 31. Rxd6 Ra4 32. Rf1 Rxa2 33. Re6 Ra5
34. g4 Ra2 35. Rxe5 Rb8 36. Rfe1 Rbb2 37. R5e3 Kf7 38. Rg3 a5 39. Kg1 a4 40. h4
Rh2 41. Ra1 Rh3 42. Rxh3 Rxa1+ 43. Kg2 Ra2+ 44. Kg1 Re2 45. Ra3 Re4 46. g5 Rxh4
47. gxh6 gxh6 48. Rc3 Kf6 49. Rc5 Rf4 50. Ra5 h5 51. Kg2 h4 52. Kh3 Kg5 53. Kg2
Rb4 54. Kh3 Rb3+ 55. Kh2 Rb2+ 56. Kh3 Rb3+ 57. Kh2 Ra3 58. Kg2 h3+ 59. Kh2 Kf6
60. Rb5 Re3 61. Ra5 a3 62. Kg1 Kg5 63. Kh2 Rb3 64. Kg1 Rf3 65. Kh2 Kf4 66. Kg1
Kg5 67. Kh2 Kg4 68. f6 Rf2+ 69. Kg1 h2+ 70. Kh1 a2 71. f7 Rxf7 72. Rxa2 1/2-1/2

[Event "Gibraltar Masters"]
[Site "Caleta ENG"]
[Date "2011.02.02"]
[Round "9.5"]
[White "Fridman, Daniel"]
[Black "Sasikiran, Krishnan"]
[Result "1/2-1/2"]
[WhiteTitle "GM"]
[BlackTitle "GM"]
[WhiteElo "2655"]
[BlackElo "2690"]
[WhiteFideId "11600454"]
[BlackFideId "5004985"]
[EventDate "2011.01.25"]
[EventType "swiss"]

1. d4 Nf6 2. Nf3 e6 3. c4 b6 4. g3 Ba6 5. Qa4 Bb7 6. Bg2 c5 7. dxc5 Bxc5 8. Nc3
O-O 9. O-O Be7 10. Rd1 Na6 11. Bf4 Nc5 12. Qc2 Qc8 13. Rd4 d5 14. Rc1 Nce4 15.
cxd5 Nxc3 16. Qxc3 Qxc3 17. Rxc3 Nxd5 18. Rc1 Rac8 19. Rdd1 Nxf4 20. gxf4 Rxc1
21. Rxc1 Rc8 22. Rxc8+ Bxc8 23. Ne5 Bd6 24. e3 Kf8 25. Bc6 f6 26. Nc4 Bc7 27. b4
h6 28. Kg2 g5 29. fxg5 hxg5 30. a3 Ke7 31. h4 gxh4 32. Kh3 a6 33. b5 axb5 34.
Bxb5 Bb7 35. Kxh4 Bf3 36. Nd2 Bd1 37. f4 e5 38. fxe5 Bxe5 39. Nc4 Bc7 40. Nb2
Bf3 41. Nc4 Ke6 42. Nd2 Bd1 43. Bc4+ Kd7 44. Bb5+ Ke7 45. Kh3 Ke6 46. Kg2 Kd5
47. Kf2 Kc5 48. Bd3 Be5 49. Ke1 Ba4 50. Ne4+ Kc6 51. Kd2 Bb3 52. Kc1 Kd5 53. Nd2
Ba4 54. Nc4 Bc7 55. Kb2 Kc5 56. Nd2 Be5+ 57. Kc1 Bd7 58. Kc2 Be6 59. Nf3 Bd6 60.
Kc3 Bd7 61. Kc2 Kd5 62. Kb3 Bc5 63. e4+ Kd6 64. a4 Be3 65. Kb4 Bc5+ 66. Kb3 Be8
67. Bc2 Bf7+ 68. Kc3 Bf2 69. Kb4 Bh5 70. Bd1 Bc5+ 71. Kb5 Be8+ 72. Kc4 Bf2 73.
Bc2 Bc6 74. Nd4 Bd7 75. Nf3 Bg4 76. Bd1 Be6+ 77. Kb4 Bd7 78. Bc2 Bc6 79. Kc4 Bb7
80. Kb5 Be3 81. Nh4 Bc6+ 82. Kc4 Bf2 83. Nf3 Bb7 84. Kb5 Bc5 85. e5+ Kc7 86. a5
Bxf3 87. axb6+ Bxb6 88. exf6 Be2+ 89. Kb4 Kd6 90. f7 Bc5+ 91. Kc3 Ke5 92. Bb3
Bh5 1/2-1/2

[Event "Gibraltar Masters"]
[Site "Caleta ENG"]
[Date "2011.02.02"]
[Round "9.6"]
[White "Adams, Michael"]
[Black "Lemos, Damian"]
[Result "1/2-1/2"]
[WhiteTitle "GM"]
[BlackTitle "GM"]
[WhiteElo "2723"]
[BlackElo "2553"]
[WhiteFideId "400041"]
[BlackFideId "113581"]
[EventDate "2011.01.25"]
[EventType "swiss"]

1. e4 e6 2. d4 d5 3. Nd2 c5 4. exd5 Qxd5 5. dxc5 Bxc5 6. Ngf3 Nf6 7. Bc4 Qc6 8.
Qe2 O-O 9. O-O Nbd7 10. Nb3 b6 11. Nxc5 Qxc5 12. b3 Bb7 13. Bb2 Rfd8 14. Rfd1
Nf8 15. Ne5 Ng6 16. Nxg6 hxg6 17. Qe5 Qxe5 18. Bxe5 Nd5 19. Rd2 f6 20. Bd4 Kf7
21. a4 Nb4 22. Rad1 Bd5 23. Bc3 Nxc2 24. Ba6 Rdc8 25. Bxc8 Rxc8 26. Rxc2 Bxb3
27. Rd7+ Ke8 28. Rcd2 Bd5 29. Rxa7 Rxc3 30. h4 Kf8 31. Rd4 Kg8 32. Rb4 Kh7 33.
f3 Rc2 34. Ra6 Kh6 35. Raxb6 g5 36. Rd6 f5 37. Rd4 g6 38. hxg5+ Kxg5 39. a5 Ra2
40. a6 Kh5 41. Kf1 g5 42. Ke1 f4 43. Rd2 Ra1+ 44. Rd1 Ra2 45. Rd2 Ra1+ 46. Kf2
Bc4 47. g4+ fxg3+ 48. Kxg3 Rxa6 49. Rd8 Kg6 50. Rg8+ Kf6 51. Rd7 Bd5 52. Rf8+
Kg6 53. Rdf7 e5 54. Rf5 Re6 55. Kg4 Kg7 56. R8f7+ Kg6 57. Rd7 Bc6 58. Rxg5+ Kf6
59. Rf5+ Kg6 60. Rg5+ Kf6 61. Rf5+ Kg6 62. Rd3 e4 63. Re3 Bd7 64. Rg5+ Kf6 65.
f4 Re5+ 66. Kh4 Re8 67. Kg3 Bf5 68. Ra3 Re6 69. Kf2 Rd6 70. Ra5 Bg6 71. Rgb5 Bh7
72. f5 Kg5 73. Ke3 Rf6 74. Kxe4 Rxf5 75. Rxf5+ Kg4 76. Ke5 Bxf5 77. Ra4+ Kg5 78.
Ra1 Bc2 79. Re1 Bd3 80. Rg1+ Kh6 81. Kf6 Kh7 82. Rg3 Bb1 83. Rh3+ Kg8 84. Rh2
Bh7 1/2-1/2

[Event "Gibraltar Masters"]
[Site "Caleta ENG"]
[Date "2011.02.02"]
[Round "9.7"]
[White "Lafuente, Pablo"]
[Black "Nisipeanu, Liviu-Dieter"]
[Result "1/2-1/2"]
[WhiteTitle "GM"]
[BlackTitle "GM"]
[WhiteElo "2561"]
[BlackElo "2678"]
[WhiteFideId "108820"]
[BlackFideId "1202758"]
[EventDate "2011.01.25"]
[EventType "swiss"]

1. d4 Nf6 2. c4 e6 3. Nf3 c5 4. Nc3 cxd4 5. Nxd4 a6 6. a3 Qc7 7. Bg5 Be7 8. e3
b6 9. Be2 Bb7 10. O-O O-O 11. Rc1 Nc6 12. Bf4 Ne5 13. b4 Rac8 14. Na4 d6 15. h3
Rfd8 16. Qb3 b5 17. cxb5 Qxc1 18. Rxc1 Rxc1+ 19. Kh2 axb5 20. Qb2 Re1 21. Nc3
Ne4 22. Nxe4 Bxe4 23. f3 Rb1 24. Qc3 Bd5 25. Bxb5 Bf6 26. e4 Ng6 27. Be3 Bb7 28.
Bd3 Rd1 29. Be2 Rb1 30. Qc2 Ra1 31. Qb2 Re1 32. Qd2 Ra1 33. Qb2 Re1 34. Qd2 Ra1
35. Qb2 1/2-1/2

[Event "Gibraltar Masters"]
[Site "Caleta ENG"]
[Date "2011.02.02"]
[Round "9.8"]
[White "Georgiev, Kiril"]
[Black "Kosintseva, Nadezhda"]
[Result "1/2-1/2"]
[WhiteTitle "GM"]
[BlackTitle "IM"]
[WhiteElo "2669"]
[BlackElo "2552"]
[WhiteFideId "2900017"]
[BlackFideId "4134974"]
[EventDate "2011.01.25"]
[EventType "swiss"]

1. d4 Nf6 2. c4 e6 3. Nc3 Bb4 4. Qc2 O-O 5. a3 Bxc3+ 6. Qxc3 d5 7. Bg5 c5 8.
dxc5 d4 9. Qg3 Nbd7 10. Nf3 e5 11. Nxe5 Nxc5 12. Nd3 Nce4 13. Bxf6 Nxf6 14. e3
Re8 15. O-O-O dxe3 16. fxe3 Bg4 17. Rd2 Qb6 18. Be2 Bxe2 19. Rxe2 Qb3 20. Rd1
Rad8 21. Nf2 Qxc4+ 22. Rc2 Qa2 23. Rxd8 Rxd8 24. Rc7 h6 25. Qf3 b5 26. Qf5 Qa1+
27. Qb1 Qxb1+ 28. Kxb1 Nd5 29. Rxa7 Nxe3 30. Rb7 f5 31. Kc1 Rd5 32. g3 g5 33.
Re7 Nf1 34. Nd1 Nxh2 35. Ne3 Rc5+ 36. Kd2 f4 37. gxf4 gxf4 38. Nd1 Nf3+ 39. Kd3
Ng5 40. Nc3 f3 41. Re1 Kg7 42. Rg1 Kg6 43. Ke3 Re5+ 44. Kf2 Kf5 45. Kg3 Rc5 46.
Nd1 Ke5 47. Ne3 Kd4 48. Re1 Kd3 49. Kf2 h5 50. Rd1+ Ke4 51. Rh1 Ne6 52. Re1 Nd4
53. Rh1 Rf5 54. Rh4+ Kd3 55. Rh1 Re5 56. Rd1+ Ke4 57. Rh1 Ne2 58. Nf1 Nd4 59.
Rxh5 Rxh5 60. Ng3+ Kd3 61. Nxh5 Kc2 62. Ke3 Ne6 63. Kxf3 Kxb2 64. Nf6 Kxa3 65.
Nd5 Kb3 66. Ke2 Kc4 67. Ne3+ Kc3 68. Nd5+ Kd4 69. Ne7 Kc4 70. Kd2 Nd4 71. Kc1 b4
72. Kb2 b3 73. Nc8 Kc5 74. Ne7 Nc6 75. Kxb3 1/2-1/2

[Event "Gibraltar Masters"]
[Site "Caleta ENG"]
[Date "2011.02.02"]
[Round "9.9"]
[White "Roiz, Michael"]
[Black "Le Roux, Jean-Pierre"]
[Result "1-0"]
[WhiteTitle "GM"]
[BlackTitle "GM"]
[WhiteElo "2649"]
[BlackElo "2551"]
[WhiteFideId "2804158"]
[BlackFideId "609404"]
[EventDate "2011.01.25"]
[EventType "swiss"]

1. Nf3 d5 2. c4 c6 3. e3 Nf6 4. Nc3 Nbd7 5. Qc2 e6 6. b3 Bd6 7. Bb2 Qe7 8. Be2
O-O 9. O-O b6 10. cxd5 cxd5 11. Nb5 Ba6 12. Rfc1 Rfc8 13. Qd1 Bxb5 14. Bxb5 Ba3
15. Rab1 Bxb2 16. Rxb2 Qb4 17. Be2 Ne4 18. Nd4 g6 19. Rbc2 Qf8 20. Bb5 Ndf6 21.
Ba6 Rc5 22. h3 Kg7 23. Nf3 Rxc2 24. Rxc2 Qa3 25. Be2 a5 26. Qb1 Nd6 27. Nd4 Nfe4
28. Rc6 Nf5 29. Nb5 Qe7 30. Qb2+ Kh6 31. d3 Nc5 32. Rc7 Qe8 33. g4 Qxb5 34. Qf6
Ne4 35. dxe4 Qxe2 36. exf5 1-0

[Event "Gibraltar Masters"]
[Site "Caleta ENG"]
[Date "2011.02.02"]
[Round "9.10"]
[White "Edouard, Romain"]
[Black "Robson, Ray"]
[Result "1-0"]
[WhiteTitle "GM"]
[BlackTitle "GM"]
[WhiteElo "2634"]
[BlackElo "2532"]
[WhiteFideId "633429"]
[BlackFideId "2023970"]
[EventDate "2011.01.25"]
[EventType "swiss"]

1. d4 d5 2. c4 e6 3. Nf3 Nf6 4. Nc3 c6 5. Bg5 dxc4 6. e4 b5 7. e5 h6 8. Bh4 g5
9. Nxg5 hxg5 10. Bxg5 Nbd7 11. g3 Rg8 12. h4 Rxg5 13. hxg5 Nd5 14. g6 fxg6 15.
Qg4 Qe7 16. Bg2 Kd8 17. Qxg6 Qb4 18. Qc2 Qa5 19. Kf1 Kc7 20. Rh7 b4 21. Ne4 b3
22. Qc1 bxa2 23. Ng5 Kb6 24. Kg1 Nb4 25. Qxc4 Nxe5 26. dxe5 Qxe5 27. Rxa2 Qxg5
28. Ra4 Nd5 29. Qb3+ Nb4 30. Rxb4+ Bxb4 31. Qxb4+ Qb5 32. Qd4+ Ka5 33. Qd2+ Ka4
34. Rh4+ Kb3 35. Qc3+ Ka2 36. Qa3+ 1-0

[Event "Gibraltar Masters"]
[Site "Caleta ENG"]
[Date "2011.02.02"]
[Round "9.11"]
[White "Kanep, Meelis"]
[Black "Iordachescu, Viorel"]
[Result "1/2-1/2"]
[WhiteTitle "GM"]
[BlackTitle "GM"]
[WhiteElo "2531"]
[BlackElo "2634"]
[WhiteFideId "4501047"]
[BlackFideId "13900200"]
[EventDate "2011.01.25"]
[EventType "swiss"]

1. Nf3 Nf6 2. c4 e6 3. Nc3 Bb4 4. Qc2 O-O 5. a3 Bxc3 6. Qxc3 b6 7. b3 d5 8. e3
c5 9. Bb2 Bb7 10. Be2 dxc4 11. Qxc4 a5 12. Qc2 Nbd7 13. O-O Ra7 14. d3 Qa8 15.
e4 Rc8 16. a4 Ba6 17. Qc3 Ne8 18. Rfe1 f6 19. d4 Bxe2 20. Rxe2 cxd4 21. Qxd4 Nc5
22. Qe3 Rd7 23. Bd4 e5 24. Bxc5 Rxc5 25. b4 axb4 26. Qb3+ Kf8 27. Qxb4 Qa5 28.
Qa3 Nd6 29. h3 Qc3 30. Qxc3 Rxc3 31. a5 b5 32. Rb2 Ra7 33. Nd2 Ke7 34. f3 Kd7
35. Kf2 Kc6 36. Ke2 Ra6 37. Rb3 Rc5 38. Rd3 h5 39. h4 Kc7 40. Kd1 Rac6 41. Nb3
Rc4 42. Ra2 Ra4 43. Rad2 Ra3 44. Ke2 b4 45. Kd1 Nc4 46. Rd7+ Kb8 47. Rd8+ Ka7
48. R2d7+ Ka6 49. Ra8+ Kb5 50. Rd5+ Ka4 51. Nc5+ Rxc5 52. Rxc5 Kb3 53. a6 Ra2
54. Ke1 Ne3 55. g3 Nc2+ 56. Kf1 Nd4 57. a7 Nxf3 58. Rc7 Rd2 59. Rac8 Nh2+ 60.
Ke1 Nf3+ 61. Kf1 Nh2+ 1/2-1/2

[Event "Gibraltar Masters"]
[Site "Caleta ENG"]
[Date "2011.02.02"]
[Round "9.12"]
[White "Speelman, Jon S"]
[Black "Gopal G.N."]
[Result "0-1"]
[WhiteTitle "GM"]
[BlackTitle "GM"]
[WhiteElo "2524"]
[BlackElo "2597"]
[WhiteFideId "400033"]
[BlackFideId "5015693"]
[EventDate "2011.01.25"]
[EventType "swiss"]

1. d4 Nf6 2. Nf3 g6 3. Bg5 Bg7 4. Nbd2 O-O 5. e3 d5 6. Bd3 c5 7. c3 Nbd7 8. O-O
b6 9. b4 Bb7 10. Qb1 Qc8 11. a4 e5 12. Bxf6 Bxf6 13. Bb5 e4 14. Ne1 cxd4 15.
cxd4 Be7 16. Nc2 Nf6 17. Qb2 Bd6 18. Rfc1 h5 19. Nf1 Qe6 20. Be2 a6 21. Ne1 Qe7
22. b5 a5 23. Qb3 Rac8 24. Qd1 Rce8 25. h4 Kg7 26. g3 Ng8 27. Ng2 Nh6 28. Qb3
Rd8 29. Rc2 Nf5 30. Rac1 Rh8 31. Rc6 Bxc6 32. Rxc6 Bc7 33. Qc3 Rd7 34. Bd1 Qd8
35. Bb3 Ne7 36. Nf4 Bxf4 37. exf4 Nf5 38. Ne3 Nxe3 39. fxe3 Re8 40. Bd1 Rd6 41.
Rc7 Qf6 42. Be2 Qf5 43. Kh2 Rdd8 44. Bf1 Rc8 45. Rc6 Rxc6 46. bxc6 Qc8 47. Bb5
Re6 48. Kg2 Qc7 49. Kf2 Rd6 50. Ke1 Kf8 51. Qa3 Ke7 52. Kd2 Kd8 53. Qc1 Qe7 0-1

[Event "Gibraltar Masters"]
[Site "Caleta ENG"]
[Date "2011.02.02"]
[Round "9.13"]
[White "Kacheishvili, Giorgi"]
[Black "Harika, Dronavalli"]
[Result "1/2-1/2"]
[WhiteTitle "GM"]
[BlackTitle "IM"]
[WhiteElo "2585"]
[BlackElo "2520"]
[WhiteFideId "13600613"]
[BlackFideId "5015197"]
[EventDate "2011.01.25"]
[EventType "swiss"]

1. c4 c5 2. Nf3 Nc6 3. d4 cxd4 4. Nxd4 g6 5. e4 Nf6 6. Nc3 Nxd4 7. Qxd4 d6 8.
Bd3 Bg7 9. h3 O-O 10. Qe3 Be6 11. Bd2 Nd7 12. b3 Qb6 13. Qxb6 axb6 14. Ke2 Ne5
15. a4 f5 16. f3 Bf7 17. Rac1 e6 18. Be3 Nd7 19. Nb5 fxe4 20. Bxe4 d5 21. Bd3
Nc5 22. Bxc5 bxc5 23. cxd5 exd5 24. Rxc5 Rae8+ 25. Kd2 Rc8 26. Rxc8 Rxc8 27. Nd6
Rc7 28. Rb1 Be5 29. Nb5 Rc8 30. Ke3 Be8 31. Nd4 Bd7 32. Ne2 Kf7 33. a5 Ke7 34.
b4 Ra8 35. f4 Bf6 36. Rc1 Kd6 37. Kd2 b6 38. axb6 Rb8 39. Rb1 Rxb6 40. Ke3 Rb8
41. g4 Bd8 42. Kd2 Ra8 43. Nc3 Bb6 44. f5 gxf5 45. Bxf5 Bxf5 46. gxf5 d4 47.
Ne4+ Ke5 48. Nc5 Ra2+ 49. Kd3 Bxc5 50. bxc5 Ra3+ 51. Kd2 Rc3 52. Rc1 Rxc1 53.
Kxc1 Kxf5 1/2-1/2

[Event "Gibraltar Masters"]
[Site "Caleta ENG"]
[Date "2011.02.02"]
[Round "9.14"]
[White "Sengupta, Deep"]
[Black "Ikonnikov, Vyacheslav"]
[Result "1/2-1/2"]
[WhiteTitle "GM"]
[BlackTitle "GM"]
[WhiteElo "2530"]
[BlackElo "2580"]
[WhiteFideId "5008352"]
[BlackFideId "4100972"]
[EventDate "2011.01.25"]
[EventType "swiss"]

1. e4 c5 2. Nc3 Nc6 3. Nge2 e5 4. Ng3 g6 5. Bc4 Bg7 6. d3 d6 7. h4 h5 8. Bg5 f6
9. Be3 Nh6 10. f3 Bd7 11. a3 a6 12. Qd2 Ne7 13. b4 b5 14. Ba2 Rc8 15. Nge2 Nf7
16. f4 c4 17. Ng3 Bg4 18. a4 exf4 19. Bxf4 g5 20. Be3 f5 21. exf5 gxh4 22. f6
Bxf6 23. Nge4 Bg7 24. dxc4 bxc4 25. O-O Nf5 26. Nd5 Bxa1 27. Bb6 Qd7 28. Nef6+
Bxf6 29. Nxf6+ Ke7 30. Nxd7 Kxd7 31. Bc5 Ke7 32. Re1+ Kf6 33. Qc3+ Kg6 34. Bd4
Rhg8 35. Qd2 Ng5 36. Be3 Ne4 37. Qd5 Nf6 38. Qb7 Rge8 39. Bf2 d5 40. Rxe8 Rxe8
41. b5 axb5 42. a5 Re2 43. Qxb5 h3 44. gxh3 Bf3 45. a6 Rd2 46. Qb1 Ne4 47. Qb6+
Kh7 48. Qc7+ Kg6 49. Qb6+ Kf7 50. Qc7+ Kg6 51. Qb6+ 1/2-1/2

[Event "Gibraltar Masters"]
[Site "Caleta ENG"]
[Date "2011.02.02"]
[Round "9.15"]
[White "Nezad, Husein Aziz"]
[Black "Kulaots, Kaido"]
[Result "0-1"]
[WhiteTitle "IM"]
[BlackTitle "GM"]
[WhiteElo "2420"]
[BlackElo "2577"]
[WhiteFideId "12100293"]
[BlackFideId "4500261"]
[EventDate "2011.01.25"]
[EventType "swiss"]

1. d4 Nf6 2. c4 g6 3. Nc3 d5 4. Bg5 Bg7 5. Bxf6 Bxf6 6. cxd5 c6 7. Rc1 O-O 8.
dxc6 Qxd4 9. Qxd4 Bxd4 10. cxb7 Bxb7 11. Nf3 Bf6 12. g3 Nd7 13. Bg2 Rab8 14. Rc2
Bxf3 15. Bxf3 Rxb2 16. Rxb2 Bxc3+ 17. Rd2 Rb8 18. Kd1 Bxd2 19. Kxd2 Rb2+ 20. Kc3
Rxa2 21. Kb3 Ra6 22. Rc1 Rf6 23. Rc3 Ne5 24. Re3 Nxf3 25. exf3 Kf8 26. Kc4 Rc6+
27. Kd3 a5 28. Re5 Ra6 29. Kc4 a4 30. Re2 a3 31. Ra2 e5 32. Kb4 Ke7 33. Rxa3
Rxa3 34. Kxa3 Ke6 35. Kb3 Kf5 36. Kc3 e4 37. Kd4 exf3 38. h3 g5 39. Kd5 g4 40.
h4 h5 41. Kd4 Ke6 42. Ke4 f5+ 0-1

[Event "Gibraltar Masters"]
[Site "Caleta ENG"]
[Date "2011.02.02"]
[Round "9.16"]
[White "Vallejo Pons, Francisco"]
[Black "Fernandez Romero, Ernesto"]
[Result "1-0"]
[WhiteTitle "GM"]
[BlackTitle "IM"]
[WhiteElo "2698"]
[BlackElo "2453"]
[WhiteFideId "2205530"]
[BlackFideId "2214679"]
[EventDate "2011.01.25"]
[EventType "swiss"]

1. Nf3 Nf6 2. c4 c6 3. d4 d5 4. Nc3 g6 5. cxd5 cxd5 6. Bf4 Nc6 7. e3 Nh5 8. Bg5
h6 9. Bh4 Bg7 10. Nd2 O-O 11. Be2 Nf6 12. Rc1 a6 13. O-O Re8 14. Nb3 g5 15. Bg3
Bf5 16. Nc5 b5 17. a4 b4 18. Nb1 Qb6 19. Nd2 Rec8 20. Ndb3 Na5 21. Nxa5 Qxa5 22.
Qb3 Qb6 23. Be5 Be6 24. Nxa6 Rxa6 25. Bxa6 Qxa6 26. Rxc8+ Qxc8 27. Qxb4 Qc2 28.
a5 Qe2 29. Re1 Qd3 30. Qa3 Qa6 31. Qxe7 Ne4 32. Qd8+ Kh7 33. Bxg7 Kxg7 34. f3
Nd2 35. Qc7 g4 36. Qc3 Nc4 37. fxg4 Nd6 38. e4 Nb5 39. Qb4 dxe4 40. Rxe4 Nd6 41.
Re1 Nc4 42. Qc5 Qxa5 43. Qxa5 Nxa5 44. b4 Nc4 45. h3 Kf6 46. Kf2 Nb6 47. Re5 Nd5
48. b5 Ke7 49. Rh5 Kd7 50. Rxh6 Kc7 51. g5 Ne7 52. Rf6 Nd5 53. Rf3 Kb6 54. h4
Kxb5 55. h5 Ne7 56. h6 Ng6 57. Rf6 Nh8 58. g6 1-0

[Event "Gibraltar Masters"]
[Site "Caleta ENG"]
[Date "2011.02.02"]
[Round "9.17"]
[White "Onischuk, Alexander"]
[Black "Zhukova, Natalia"]
[Result "1/2-1/2"]
[WhiteTitle "GM"]
[BlackTitle "GM"]
[WhiteElo "2689"]
[BlackElo "2441"]
[WhiteFideId "14101025"]
[BlackFideId "14101513"]
[EventDate "2011.01.25"]
[EventType "swiss"]

1. d4 d5 2. c4 c6 3. Nc3 Nf6 4. e3 e6 5. Nf3 Nbd7 6. Bd3 dxc4 7. Bxc4 b5 8. Bd3
Bb7 9. O-O a6 10. e4 c5 11. d5 Qc7 12. dxe6 fxe6 13. Bc2 Qc6 14. Bf4 O-O-O 15.
Qe2 b4 16. Nd1 Nxe4 17. Re1 Ndf6 18. a3 g5 19. Be5 Rg8 20. Bxf6 Nxf6 21. axb4 g4
22. Nh4 cxb4 23. Bd3 Nd5 24. Bxa6 Nf4 25. Bxb7+ Kxb7 26. Qe3 Nd3 27. Qa7+ Kc8
28. Ra6 Qb7 29. Rexe6 Qxa7 30. Rxa7 Rg7 31. Rea6 Rgd7 32. Ra8+ Kb7 33. R8a7+ Kc8
34. Ra8+ 1/2-1/2

[Event "Gibraltar Masters"]
[Site "Caleta ENG"]
[Date "2011.02.02"]
[Round "9.20"]
[White "Zatonskih, Anna"]
[Black "Akobian, Varuzhan"]
[Result "1/2-1/2"]
[WhiteTitle "IM"]
[BlackTitle "GM"]
[WhiteElo "2493"]
[BlackElo "2618"]
[WhiteFideId "14101572"]
[BlackFideId "13300580"]
[EventDate "2011.01.25"]
[EventType "swiss"]

1. d4 Nf6 2. c4 e6 3. Nf3 d5 4. g3 dxc4 5. Qa4+ Nbd7 6. Bg2 a6 7. Qxc4 b5 8. Qc6
Ra7 9. O-O Bb7 10. Qc2 c5 11. Bg5 cxd4 12. Nxd4 Bxg2 13. Kxg2 Rc7 14. Qd2 Qa8+
15. f3 Be7 16. Rc1 Nc5 17. Qa5 Rc8 18. Nb3 O-O 19. Nxc5 Bxc5 20. Bxf6 gxf6 21.
Nc3 f5 22. Nxb5 Qb7 23. Qd2 Be7 24. Nd6 Rcd8 25. Nxb7 Rxd2 26. Kf1 Rxb2 27. Na5
Bf6 28. Nc4 Rb5 29. Rab1 Rc8 30. Nd6 Rxc1+ 31. Rxc1 Rb2 32. Rc8+ Kg7 33. a3 Ra2
34. Ne8+ Kg6 35. Nxf6 Kxf6 36. Rc3 a5 37. f4 a4 38. Kf2 h5 39. h4 Ke7 40. Rc7+
Kd6 41. Rxf7 Rxa3 42. Rh7 Rb3 43. Rxh5 Rb8 44. Rh7 Ra8 45. Rb7 a3 46. Rb1 a2 47.
Ra1 Kd5 48. h5 Kc4 49. e4 Kb3 50. exf5 exf5 51. g4 fxg4 52. Kg3 Kb2 53. Rxa2+
Rxa2 54. Kxg4 Kc3 55. h6 Kd4 56. Kf5 Rh2 57. Kg6 Kd5 58. h7 Ke6 59. Kg7 Rg2+ 60.
Kf8 Rh2 61. Kg8 Rg2+ 62. Kf8 Rh2 63. Kg8 Kf5 64. h8=Q Rxh8+ 65. Kxh8 Kxf4 1/2-1/2

[Event "Gibraltar Masters"]
[Site "Caleta ENG"]
[Date "2011.02.02"]
[Round "9.21"]
[White "Soffer, Ram"]
[Black "Jones, Gawain C B"]
[Result "1/2-1/2"]
[WhiteTitle "GM"]
[BlackTitle "GM"]
[WhiteElo "2489"]
[BlackElo "2593"]
[WhiteFideId "2800101"]
[BlackFideId "409561"]
[EventDate "2011.01.25"]
[EventType "swiss"]

1. c4 e5 2. g3 Nf6 3. Bg2 Nc6 4. Nc3 Bc5 5. Nf3 d6 6. O-O O-O 7. d3 h6 8. a3 a6
9. b4 Ba7 10. Bb2 Be6 11. Rc1 Qd7 12. e3 Rab8 13. Re1 Rfe8 14. Qc2 Ne7 15. c5
Nc6 16. d4 exd4 17. Nxd4 Nxd4 18. exd4 c6 19. Ne4 Nxe4 20. Bxe4 d5 21. Bh7+ Kh8
22. Bd3 Bg4 23. Bc3 Rxe1+ 24. Rxe1 Re8 25. Rxe8+ Qxe8 26. Qc1 Bb8 27. Qe1 Qxe1+
28. Bxe1 g6 29. Kg2 Bd1 30. Bd2 Kg7 31. f3 Bc7 32. Bf4 Bxf4 33. gxf4 Kf6 34. Kg3
Ke7 35. h4 f5 36. h5 Kf6 37. hxg6 Kxg6 38. Kf2 Kf6 39. Kg3 h5 40. Bb1 h4+ 41.
Kxh4 Bxf3 42. Bd3 Bd1 1/2-1/2

[Event "Gibraltar Masters"]
[Site "Caleta ENG"]
[Date "2011.02.02"]
[Round "9.22"]
[White "Das, Arghyadip"]
[Black "Felgaer, Ruben"]
[Result "1-0"]
[WhiteTitle "IM"]
[BlackTitle "GM"]
[WhiteElo "2479"]
[BlackElo "2585"]
[WhiteFideId "5003610"]
[BlackFideId "107069"]
[EventDate "2011.01.25"]
[EventType "swiss"]

1. e4 c5 2. Nf3 e6 3. d4 cxd4 4. Nxd4 a6 5. Bd3 Bc5 6. Nb3 Ba7 7. Qg4 Nf6 8. Qg3
d6 9. Nc3 Nc6 10. O-O Ne5 11. Be2 O-O 12. Bf4 Bb8 13. Rad1 Qe7 14. a4 b6 15. Bg5
Ng6 16. f4 h6 17. f5 hxg5 18. fxg6 fxg6 19. Qxg5 Bb7 20. Qxg6 Bc7 21. Nd4 Qe8
22. Qg5 b5 23. axb5 Bb6 24. Kh1 Rc8 25. bxa6 Ba8 26. Qb5 Rb8 27. Qxe8 Rfxe8 28.
Bb5 Rec8 29. Nxe6 Ba5 30. Nd4 Bxc3 31. bxc3 Rxc3 32. Ra1 Bxe4 33. Rfb1 Ra8 34.
Be2 Rc7 35. Rb6 d5 36. Bb5 Nd7 37. Rc6 Rca7 38. Kg1 Rf8 39. Rf1 Rb8 40. Rd6 Nc5
41. Nc6 Rxb5 42. Nxa7 Rb2 43. Rc1 Bxc2 44. Rxd5 Nd3 45. Ra1 Bb1 46. Nc6 Nf4 47.
a7 Be4 48. a8=Q+ Kh7 49. Rg5 Rc2 50. Qa4 1-0